Logo BPK

Biblioteka

Politechniki Koszalińskiej

Fizyka i chemia metali. (Rekord nr 18464)

Szczegóły MARC
000 -ETYKIETA REKORDU
podpole kontrolne o stałej długości 00621nam a2200193 i 4500
001 - NUMER KONTROLNY REKORDU
pole kontrolne bg
040 ## - ŹRÓDŁO KATALOGOWANIA
Instytucja, która utworzyła rekord BPK
041 ## - KOD JĘZYKA
Kod języka tekstu pol
080 ## - UNIWERSALNA KLASYFIKACJA DZIESIĘTNA - UKD
UKD 669.01:546
008 - POLE O STAŁEJ DŁUGOŚCI - DANE KONTROLNE
podpole kontrolne o stałej długości s pl f |000 0 pol
245 00 - TYTUŁ/ODPOWIEDZIALNOŚĆ
Tytuł Fizyka i chemia metali.
260 ## - STREFA ADRESU WYDAWNICZEGO
Miejsce wydania Katowice :
Nazwa wydawcy/dystrybutora Uniwer. Śląski,
Data publikacji, dystrybucji/powstania dokumentu 1978.
300 ## - STREFA OPISU FIZYCZNEGO
Objętość s. 122, nlb. 2 :
Inne cechy fizyczne rys., ilustr., tab.
490 1# - STREFA SERII I DOKUMENTU WIELOCZĘŚCIOWEGO - FORMA NIE DO WYSZUKIWANIA
Tytuł i oznaczenie odpowiedzialności serii Prace Naukowe Uniwer. Śląskiego. Fizyka i Chemia Metali ;
Numeracja w obrębie serii T. 3
500 ## - UWAGI OGÓLNE
Tekst uwagi Numeracja ser. gł. : Nr 209.
700 1# - HASŁO DODATKOWE - NAZWA OSOBOWA
Nazwa osobowa KOZARZEWSKI, Bohdan.
Określenie związku między hasłem a opisywanym materiałem red. nauk.
830 #0 - HASŁO DODATKOWE SERII LUB DOKUMENTU WIELOCZĘŚCIOWEGO - TYTUŁ UJEDNOLICONY
Tytuł ujednolicony Prace Naukowe Uniwersytetu Śląskiego.
Nazwa części/sekcji dzieła Fizyka i Chemia Metali ;
Oznaczenie tomu T. 3
856 ## - LOKALIZACJA I DOSTĘP DO ELEKTRONICZNYCH DOKUMENTÓW ZDALNYCH
Link (URL) http://koha.tu.koszalin.pl/cgi-bin/koha/opac-detail.pl?biblionumber=18464
Tekst linku Katalog online BPK
942 ## - DODATKOWE ELEMENTY (KOHA)
Typ dokumentu Książka
Egzemplarze
Wycofany Status egzemplarza Uszkodzony Dostępność Lokalizacja stała Lokalizacja bieżąca Miejsce przechowywania Sygnatura Kod kreskowy Typ dokumentu
      Dostępny Biblioteka Politechniki Koszalińskiej Biblioteka Politechniki Koszalińskiej Wypożyczalnia BG 25744 01169362 Książka
© 2023 Biblioteka Politechniki Koszalińskiej :: KOHA